Η συνεισφορά των ιδρυμάτων τριτοβάθμιας εκπαίδευσης στον τόπο εγκατάστασής τους : διπλωματική εργασία
Αποθηκεύτηκε σε:
| Κύριος συγγραφέας: | |
|---|---|
| Συγγραφή απο Οργανισμό/Αρχή: | |
| Άλλοι συγγραφείς: | |
| Μορφή: | Thesis Βιβλίο |
| Γλώσσα: | Greek |
| Δημοσίευση: |
2010
|
| Θέματα: | |
| Διαθέσιμο Online: | http://hdl.handle.net/11610/13442 |
| Ετικέτες: |
Προσθήκη ετικέτας
Δεν υπάρχουν, Καταχωρήστε ετικέτα πρώτοι!
|
MARC
| LEADER | 00000cam a2200000 i 4500 | ||
|---|---|---|---|
| 001 | 1/11055 | ||
| 008 | 101126s2010 gre d | ||
| 035 | |l 10109265 | ||
| 040 | |a GR-MY-UA |b gre |e aacr | ||
| 041 | 0 | |a gre | |
| 082 | 0 | |a 307.7609495 |2 (22) | |
| 100 | 1 | |a Ηρακλειανός, Ιωάννης. | |
| 245 | 1 | 2 | |a Η συνεισφορά των ιδρυμάτων τριτοβάθμιας εκπαίδευσης στον τόπο εγκατάστασής τους : |b διπλωματική εργασία / |c Ηρακλειανός Ιωάννης ; επιβλέπων καθηγητής Αγγελής Βασίλης |
| 260 | |c 2010 | ||
| 300 | |a 85 σ.; |c 30 εκ. | ||
| 500 | |a β' βαθμολογητής Μαύρη Μαρία | ||
| 502 | |a Διατριβή (μεταπτυχιακή) – Πανεπιστήμιο Αιγαίου, Χίος, 2010. | ||
| 504 | |a Περιλαμβάνει βιβλιογραφία | ||
| 650 | 0 | 0 | |a Regional planning |z Greece. |
| 650 | 0 | 0 | |a Sustainable development. |
| 650 | 0 | 0 | |a Regional economics. |
| 650 | 0 | 0 | |a Education |x Economic aspects |z Greece. |
| 650 | 0 | 0 | |a Third grade (Education) |z Greece. |
| 650 | 0 | 0 | |a Education and state. |
| 650 | 0 | 0 | |a Education planning |z Greece. |
| 650 | 0 | 0 | |a Rural development. |
| 650 | 0 | 0 | |a Dissertations, Academic |z Greece. |
| 700 | 1 | |a Αγγελής, Βασίλης. |4 ths | |
| 710 | 1 | |a Πανεπιστήμιο Αιγαίου |b Σχολή Επιστημών της Διοίκησης |b Τμήμα Διοίκησης Επιχειρήσεων |b Πρόγραμμα Μεταπτυχιακών Σπουδών στη Διοίκηση Επιχειρήσεων - M.B.A. | |
| 852 | |a INST |b CHIOS |c DIATR |e 20101129 |h 307.7609495 ΗΡΑ |p 005200031336 |q 005200031336 |t MTXE |y 23 | ||
| 852 | |a INST |b CHIOS |c DIATR |e 20101126 |h 307.7609495 ΗΡΑ |p 005200031337 |q 005200031337 |t MTXE |y 23 | ||
| 856 | |u http://hdl.handle.net/11610/13442 | ||
| 901 | |a BIBL2-2010-3 | ||
| 909 | |a Χ |b 149196 | ||
| 909 | |a Χ |b 149197 | ||
| 924 | |a ΗΡΑΚΛΕΙΑΝΟΣ |b ΙΩΑΝΝΗΣ |y ΧΙΟΣ |z 2020-11 | ||
| 970 | |a ΠΑΡΟΙΚΑΚΗ |b ΒΑΣΙΛΙΚΗ |z 2010/11/26 | ||